Scholarly Communication and Academic Presses (Record no. 96424)

MARC details
000 -LEADER
fixed length control field 01523nam a2200241Ii 4500
008 - FIXED-LENGTH DATA ELEMENTS--GENERAL INFORMATION
fixed length control field 221202s xx 000 0 und d
100 1# - MAIN ENTRY--PERSONAL NAME
Personal name Anna Maria, Tammaro,
Relator term author
245 #0 - TITLE STATEMENT
Title Scholarly Communication and Academic Presses
264 ## - PRODUCTION, PUBLICATION, DISTRIBUTION, MANUFACTURE, AND COPYRIGHT NOTICE
Name of producer, publisher, distributor, manufacturer Firenze University Press
Date of production, publication, distribution, manufacture, or copyright notice 2002
300 ## - PHYSICAL DESCRIPTION
Extent 1 online resource
336 ## - CONTENT TYPE
Content type term text
Content type code txt
Source rdacontent
337 ## - MEDIA TYPE
Media type term computer
Media type code c
Source rdamedia
338 ## - CARRIER TYPE
Carrier type term online resource
Carrier type code cr
Source rdacarrier
490 ## - SERIES STATEMENT
Series statement Proceedings e report
520 ## - SUMMARY, ETC.
Summary, etc. The objective of the meeting was to identify concrete ways for implementing proposals to foster the international scientific co-operation of universities and academic societies. Against the background of an assumed tendency towards knowledge monopolies, caused by the protection of intellectual property rights by a few publishers, the experts in the Conference discussed the potential of these academic e-presses for improving scientific article collection and treatment as well as facilitating the access to scientific knowledge. The papers in this volume can best be regarded as contributions to the areas of inquiry in a field that is continuing to change very rapidly.
653 ## - INDEX TERM--UNCONTROLLED
Uncontrolled term Academic Presses
653 ## - INDEX TERM--UNCONTROLLED
Uncontrolled term Case Editrici Accademiche
653 ## - INDEX TERM--UNCONTROLLED
Uncontrolled term Comunicazione
653 ## - INDEX TERM--UNCONTROLLED
Uncontrolled term Digital Publishing
653 ## - INDEX TERM--UNCONTROLLED
Uncontrolled term Scholarly Communication
856 ## - ELECTRONIC LOCATION AND ACCESS
Uniform Resource Identifier <a href="https://docs.google.com/spreadsheets/d/1yKIrdCPDAG_9c22mwoOIO2DOhtj65Wqa/edit?usp=sharing&ouid=106555315294820607512&rtpof=true&sd=true ">https://docs.google.com/spreadsheets/d/1yKIrdCPDAG_9c22mwoOIO2DOhtj65Wqa/edit?usp=sharing&ouid=106555315294820607512&rtpof=true&sd=true </a>
Link text List of Curated E-Books
942 ## - ADDED ENTRY ELEMENTS (KOHA)
Koha item type E-Book

No items available.

University of Rizal System
Email us at univlibservices@urs.edu.ph

Visit our Website www.urs.edu.ph/library